| 000 | 00452nam a22001697a 4500 | ||
|---|---|---|---|
| 003 | MACL | ||
| 005 | 20160802161217.0 | ||
| 008 | 160802b xxu||||| |||| 00| 0 eng d | ||
| 040 | _cMACL | ||
| 041 | _aEnglish | ||
| 082 | _a821 KOT | ||
| 100 |
_aKottoor, Gopikrishnan _966014 |
||
| 245 |
_aVictoria Terminus _bPoems: Selected and New _cGopikrishnan Kottor |
||
| 260 |
_aNew Delhi _bAuthors Press _c2010 |
||
| 650 |
_aPoetry _966015 |
||
| 942 |
_2ddc _cBK |
||
| 999 |
_c55479 _d55479 |
||